Role of mycoplasma hominis and ureaplasma urealyticum in patients with chronic prostatitis / (رقم التسجيلة. 177534)

تفاصيل مارك
000 -LEADER
fixed length control field 01545namaa22003251i 4500
005 - أخر تعامل مع التسجيلة
control field 20260302095057.0
008 - FIXED-LENGTH DATA ELEMENTS--GENERAL INFORMATION
fixed length control field 260110s1995 ua a|||frm||| 000 0 eng d
040 ## - CATALOGING SOURCE
Original cataloguing agency EG-GICUC
Language of cataloging eng
Transcribing agency EG-GICUC
Modifying agency EG-GICUC
Description conventions rda
041 0# - LANGUAGE CODE
Language code of text/sound track or separate title eng
Language code of summary or abstract eng
-- ara
049 ## - Acquisition Source
Acquisition Source Deposit
097 ## - Degree
Degree M.Sc
099 ## - LOCAL FREE-TEXT CALL NUMBER (OCLC)
Local Call Number Cai01.11.19.M.Sc.1995.AL.R
100 0# - MAIN ENTRY--PERSONAL NAME
Authority record control number or standard number Aly Mohamed Abd-El-Megeed Mohamed,
Preparation preparation.
245 10 - TITLE STATEMENT
Title Role of mycoplasma hominis and ureaplasma urealyticum in patients with chronic prostatitis /
Statement of responsibility, etc. By Aiy Mohamed Abd-El-Megeed Mohamed ; Supervised Prof. Dr. Abla Mostafa El-Mashad, Dr. Marii Abd-El-Aziz Marii, Dr. Aisha Mohamed Abd-Aitta.
246 15 - VARYING FORM OF TITLE
Title proper/short title دور النيكوبلازما هومينس واليوريا بالازما يورياليتكم فى مرضى التهابات البروستا المزمنة
264 #0 - PRODUCTION, PUBLICATION, DISTRIBUTION, MANUFACTURE, AND COPYRIGHT NOTICE
Date of production, publication, distribution, manufacture, or copyright notice 1995
300 ## - PHYSICAL DESCRIPTION
Extent 91 Leaves :
Other physical details illustrations ;
Dimensions 30 cm. +
336 ## - CONTENT TYPE
Source rda content
Content type term text
337 ## - MEDIA TYPE
Source rdamedia
Media type term Unmediated
338 ## - CARRIER TYPE
Source rdacarrier
Carrier type term volume
502 ## - DISSERTATION NOTE
Dissertation note Thesis (M.Sc.)-Cairo University,1995.
504 ## - BIBLIOGRAPHY, ETC. NOTE
Bibliography, etc. note Bibliography: pages 69- 91
653 #0 - INDEX TERM--UNCONTROLLED
Uncontrolled term mycoplasma hominis
-- ureaplasma urealyticum
700 0# - ADDED ENTRY--PERSONAL NAME
Personal name Abla Mostafa El-Mashad
Relator term thesis advisor.
700 0# - ADDED ENTRY--PERSONAL NAME
Personal name Marii Abd-El-Aziz Marii
Relator term thesis advisor.
700 0# - ADDED ENTRY--PERSONAL NAME
Personal name Aisha Mohamed Abd-Aitta
Relator term thesis advisor.
900 ## - Thesis Information
Department Department of Microbiology
Faculties Faculty of Medicine
Universities Cairo University
Grant date 1995
Supervisory body Abla Mostafa El-Mashad
-- Marii Abd-El-Aziz Marii
-- Aisha Mohamed Abd-Aitta
905 ## - Cataloger and Reviser Names
Cataloger Name Nagat Ghanem
Reviser Names Nourhan
942 ## - ADDED ENTRY ELEMENTS (KOHA)
Source of classification or shelving scheme Dewey Decimal Classification
Koha item type Thesis
Edition 21
Suppress in OPAC No
المقتنيات
Source of classification or shelving scheme Home library Current library Date acquired Inventory number Full call number Barcode Date last seen Effective from Koha item type
Dewey Decimal Classification المكتبة المركزبة الجديدة - جامعة القاهرة مكتبة المئوية 10.01.2026 26353 Cai01.11.19.M.Sc.1995.AL.R 01010110026353000 10.01.2026 10.01.2026 Thesis
Cairo University Libraries Portal Implemented & Customized by: Eng. M. Mohamady Contacts: new-lib@cl.cu.edu.eg | cnul@cl.cu.edu.eg
CUCL logo CNUL logo
© All rights reserved — Cairo University Libraries
CUCL logo
Implemented & Customized by: Eng. M. Mohamady Contact: new-lib@cl.cu.edu.eg © All rights reserved — New Central Library
CNUL logo
Implemented & Customized by: Eng. M. Mohamady Contact: cnul@cl.cu.edu.eg © All rights reserved — Cairo National University Library